000 00859pam a2200277 a 4500
001 2109058
003 OSt
005 20161027150108.0
008 961101s1997 enka b 001 0 eng
010 _a 96048929
020 _a0521611946
040 _aDLC
_cDLC
_dDLC
050 0 0 _aQB529
_b.C7 1997
082 0 0 _a523.5
_221
_bCRA 1997
100 1 _aCravens, Thomas E.,
_d1948-
_98021
245 1 0 _aPhysics of Solar System Plasmas
260 _bCambridge University Press,
_c1997.
300 _axvi, 477 p. :
_bill. ;
_c26 cm.
504 _aIncludes bibliographical references and index.
650 0 _aSolar
_98023
650 0 _aAstrophysics.
_97955
650 0 _aPlasma
_911255
856 4 2 _3Publisher description
_uhttp://www.loc.gov/catdir/description/cam028/96048929.html
906 _a7
_bcbc
_corignew
_d1
_eocip
_f19
_gy-gencatlg
942 _2ddc
_cSLOAN
999 _c3595
_d3595